|
|
|
|
| LEADER |
01262nam a2200241 a 4500 |
| 001 |
00022232 |
| 008 |
1103280s2009 bg a 001 0 eng d |
| 040 |
|
|
|a BD-DhAAL
|c BD-DhAAL
|
| 082 |
0 |
0 |
|a 570
|2 22
|
| 100 |
1 |
|
|a Lutfar,Farida Binte.
|
| 245 |
0 |
0 |
|a Higher Secondary Biology :
|b first paper: Botany /
|c Farida Binte Lutfar, Mohd. Qamrul H. Khandker and AK. Nurul Hoque.
|
| 250 |
|
|
|a Third revised edition with practical.
|
| 260 |
|
|
|a Dhaka :
|b Nisharga Prokashani,
|c 2009
|
| 300 |
|
|
|a viii, 402 p. :
|b ill. (some col) ;
|c 24 cm.
|
| 500 |
|
|
|a Written according to the syllabus approved by national curriculum and textbook board (N.C.T.B) for higher secondary certificate (HSC) course.
|
| 541 |
1 |
|
|e 00022232
|
| 650 |
|
0 |
|a Biology
|
| 700 |
1 |
|
|a Khandker,Mohd. Qamrul H.
|
| 700 |
1 |
|
|a Hoque, AK. Nurul.
|
| 852 |
4 |
|
|a Ayesha Abed Library
|j General shelf
|
| 999 |
|
|
|c 10587
|d 10587
|
| 952 |
|
|
|0 0
|1 0
|2 ddc
|4 0
|6 570_000000000000000_LUT
|7 0
|9 15879
|a BRACUL
|b BRACUL
|c GEN
|d 2011-03-28
|e Development Book Agency
|g 300.00
|l 17
|m 97
|o 570 LUT
|p 3010022232
|r 2023-07-23
|s 2023-07-09
|t 1
|w 2011-03-28
|y BK
|
| 952 |
|
|
|0 0
|1 0
|2 ddc
|4 0
|6 570_000000000000000_LUT
|7 0
|9 15880
|a BRACUL
|b BRACUL
|c GEN
|d 2011-03-28
|e Development Book Agency
|g 300.00
|l 12
|m 93
|o 570 LUT
|p 3010022233
|r 2023-09-11
|s 2023-07-09
|t 2
|w 2011-03-28
|y BK
|